000 00858nam a2200205Ii 4500
003 JO-AjNU
008 230605s9999||||xx |||||||||||||| ||und||
040 _aJO-AjNU
_bara
_erda
_cJO-AjNU
041 _aara
050 1 4 _aKMP68.3.E2472.1983
100 3 _aالايعالي ، فايز ,
_eauthor
_946447
245 0 0 _aمتى يفترض أمين السجل العقاري سقوط حق عيني مسجل ؟ المادة 28 من القرار رقم 188 تاريخ 1926/3/15
250 _a(د،ط)
264 3 1 _aطرابلس : منشورات المكتبة الحديثة ، 1983
300 _a167ص
_bيشتمل على ببلوغرافية ص ( 157 - 167)
336 _atext
_btxt
_2rdacontent
337 _aunmediated
_bn
_2rdamedia
338 _avolume
_bnc
_2rdacarrier
650 4 _aالعقارات -- قوانين وتشريعات -- لبنان
_946448
999 _aA20206
_c23774
_d23774